COUPE DU MONDE RUGBY 2027 - Statistiques

Statistiques générales
  • Ce quiz a été pris 53 fois
  • Le résultat moyen est 20 sur 29
Statistiques - réponses
POULE A PAYS % Correct
1 FRANCE
100%
2 AUSTRALIE
96%
2 ECOSSE
96%
1 NOUVELLE ZELANDE
96%
1 ANGLETERRE
93%
1 IRLANDE
93%
1 AFRIQUE DU SUD
91%
1 ARGENTINE
91%
2 FIDJI
91%
2 ITALIE
91%
3 USA
91%
2 JAPON
89%
2 PAYS DE GALLES
89%
4 CANADA
84%
4 PORTUGAL
84%
4 SAMOA
84%
3 ESPAGNE
82%
3 GEORGIE
80%
3 TONGA
80%
4 ROUMANIE
73%
3 CHILI
69%
3 URUGUAY
69%
4 ZIMBABWE
56%
POULE B POULE B
11%
POULE C POULE C
11%
POULE D POULE D
11%
POULE E POULE E
11%
POULE F POULE F
11%
4 HONG HONG
4%
Aucun quiz correspondant
Distribution des résultats
% des personnes avec chaque résultat
Percentile par nombre de réponses
Votre historique - résultats
Vous n’avez pas pris ce quiz